000 00637nam a22002177a 4500
005 20140310183633.0
008 131123b xxu||||| |||| 00| 0 eng d
020 _a9781259060953
050 _aHF 5667
_b.W626 2014
100 _aWhittington, O. Ray.
245 _aPrinciples of auditing and other assurance services /
_cRay Whittington, Kurt Pany.
250 _a19th ed.
260 _aBoston :
_bIrwin/McGraw-Hill,
_c2014.
300 _axxxi,827 p. :
_bill. ;
_c29 cm. +
_eCD-ROM.
500 _aIncludes Index.
521 _aBSA
650 _aAuditing.
700 _aPany, Kurt.
942 _2lcc
_cBK
_kFOR
999 _c25654
_d25654